00449cam a22001097a 4500008004000000082003000040100002500070245011800095260005500213300001100268440006000279180718b1983 xxu||||| |||| 00| 0 eng d aA81x54 In2/81/6/PT13A&B/H aCensus of India 1981 aHaryana district census handbook, Hisar: village and town directory, village and townwise primary census abstract aChandigarhbDirectorate of Census Operationsc1983 a215+p. aCensus of India 1981. Series-6, Haryana. Parts XIII-A&B